000 00680nam a2200289Ia 4500
005 20260324144824.0
008 008 260324s9999 xx 000 0 eng d
020 _a9780203988404
037 _aEBOOK
040 _aCRL
040 _beng
040 _cCRL
041 _2eng
041 _aeng
084 _qCRL
100 _aR.P.T. Davenport-Hines
_91217116
245 0 _aSpeculators and Patriots
245 0 _bEssays in Business Biography
260 _bTaylor and Francis
260 _c1986
365 _a
365 _b300
856 _uhttp://www.taylorfrancis.com/books/9780203988404
942 _cEBOOK
999 _c1827836
_d1827836